Statistics for 2013/14 Oklahoma City Thunder Roster

Click here to take the quiz!

General Stats

  • This quiz has been taken 355 times
  • The average score is 7 of 14

Answer Stats

Player% Correct
Kevin Durant
98%
Russell Westbrook
98%
Serge Ibaka
87%
Steven Adams
69%
Kendrick Perkins
57%
Nick Collison
41%
Reggie Jackson
41%
Thabo Sefolosha
34%
Andre Roberson
33%
Jeremy Lamb
33%
Derek Fisher
32%
Perry Jones
25%
Hasheem Thabeet
19%
Ryan Gomes
6%

Score Distribution

Percentile by Number Answered

Percent of People with Each Score

Your Score History

You have not taken this quiz